Lucky Luke: België, Belgique, Belgien, Belgium: municipalities - Statistics

General Stats
  • This quiz has been taken 406 times
    401 since last reset
  • The average score is 16 of 30
Answers on the Map
Answers color-coded by a green-red scale on the quiz's map according to % correct below.
 
Answer Stats
Answer % Correct
Aywaille
100%
Baelen
100%
Boechout
100%
Boutersem
100%
Brecht
100%
Brussel / Bruxelles / Brüssel
100%
Damme
100%
Dentergem
100%
Edegem
100%
Hamme
100%
Hasselt / Kortessem
100%
Hoogstraten
100%
Ieper / Ypres / Ypern
100%
Izegem
100%
Jette
100%
Jurbise / Jurbeke
100%
Landen
100%
Langemark-Poelkapelle
100%
Lennik
100%
Lille
100%
Lommel
100%
Meix-devant-Virton
100%
Nieuwerkerken
100%
Ravels
100%
Ronse / Renaix
100%
Schelle
100%
Sint-Joost-ten-Node / Saint-Josse-ten-Noode
100%
Steenokkerzeel
100%
Ukkel / Uccle
100%
Veurne / Furnes
100%
Zoutleeuw / Léau
100%
Zuienkerke
100%
Zulte
100%
Leuven / Louvain / Löwen
91%
Hamont-Achel
90%
Deinze
89%
Sint-Jans-Molenbeek / Molenbeek-Saint-Jean
89%
Sint-Pieters-Woluwe / Woluwe-Saint-Pierre
89%
Soumagne
89%
Gent / Gand
88%
Bouillon
86%
Brugge / Bruges / Brügge
86%
Harelbeke / Harlebeke
86%
Kraainem
86%
Mol
86%
Oud-Turnhout / Vieux-Turnhout
86%
Tienen / Tirlemont
86%
Tremelo
86%
Waregem
86%
As
83%
Beauvechain / Bevekom
83%
DePanne / LaPanne
83%
Dinant
83%
Grimbergen
83%
Heuvelland
83%
Hooglede
83%
Ledegem
83%
Lo-Reninge
83%
Poperinge
83%
Sint-Laureins / Saint-Laurent
83%
Vilvoorde / Vilvorde
83%
Knokke-Heist
82%
Aarschot
80%
Assenede
80%
Braine-l'Alleud / Eigenbrakel
80%
Burg-Reuland
80%
Eeklo
80%
Elsene / Ixelles
80%
Essen
80%
Huldenberg
80%
Kampenhout
80%
Maaseik
80%
Maasmechelen
80%
Menen / Menin
80%
Sambreville
80%
Stabroek
80%
Tessenderlo / Ham
80%
Torhout
80%
Aalter / Aeltre
78%
Brakel
78%
Bredene
78%
DeHaan / Coq-sur-Mer
78%
Oudergem / Auderghem
78%
Wijnegem
78%
Alken
75%
Bekkevoort
75%
Couvin
75%
Diksmuide / Dixmude
75%
Genk
75%
Hemiksem
75%
Horebeke
75%
Koekelberg
75%
Kortemark
75%
Kruibeke / Beveren / Zwijndrecht
75%
Lede
75%
Lier / Lierre
75%
Lochristi / Wachtebeke
75%
Londerzeel
75%
Mesen / Messines
75%
Moerbeke / Lokeren / Locres
75%
Mons / Bergen
75%
Namur / Namen
75%
Nieuwpoort / Nieuport
75%
Nivelles / Nijvel
75%
Oudenaarde / Audenarde / Audenaerde
75%
Raeren
75%
Sint-Katelijne-Waver / Wavre-Sainte-Cathérine
75%
Sint-Truiden / Saint-Trond
75%
Virton
75%
Zedelgem
75%
Zonhoven
75%
Pecq
73%
Perwez / Perwijs
73%
Tubize / Tubeke
73%
Vorst / Forest
73%
Anderlecht
71%
Antwerpen / Anvers / Borsbeek
71%
Asse
71%
Bassenge / Bitsingen
71%
Binche
71%
Blankenberge
71%
Ciney
71%
Dilbeek
71%
Durbuy
71%
Evere
71%
Evergem
71%
Galmaarden / Gammerages / Gooik / Herne / Hérinnes
71%
Ganshoren
71%
Geetbets
71%
Heusden-Zolder
71%
Hulshout
71%
Kapelle-op-den-Bos / Cappelle-au-Bois
71%
Lichtervelde
71%
Oostende / Ostende
71%
Péruwelz
71%
Rendeux
71%
Schaarbeek / Schaerbeek
71%
Schoten
71%
Tervuren
71%
Tielt-Winge
71%
Bocholt
70%
Lievegem
70%
Linkebeek
70%
Sint-Gillis / Saint-Gilles
70%
Tongeren / Tongres / Tongern / Borgloon / Looz
70%
Libramont-Chevigny
69%
Aalst / Alost
67%
Ath / Aat
67%
Balen / Baelen
67%
Beaumont
67%
Bierbeek
67%
Boortmeerbeek
67%
Bullange / Büllingen
67%
Charleroi
67%
Chimay
67%
Comines-Warneton / Komen-Waasten
67%
Daverdisse
67%
Denderleeuw
67%
Dessel
67%
Diepenbeek
67%
Dour
67%
Drogenbos
67%
Fontaine-l'Évêque
67%
Gavere
67%
Geel
67%
Glabbeek
67%
Halle / Hal
67%
Heist-op-den-Berg
67%
Herentals
67%
Herenthout
67%
Hoegaarden
67%
Koksijde / Coxyde
67%
Kortenaken
67%
Kortrijk / Courtrai
67%
Lanaken
67%
Léglise
67%
LeRœulx
67%
Leuze-en-Hainaut
67%
Machelen
67%
Mechelen / Malines / Mecheln
67%
Niel
67%
Onhaye
67%
Opwijk
67%
Ottignies-Louvain-la-Neuve
67%
Oudsbergen
67%
Riemst
67%
Roosdaal
67%
Schilde
67%
Sint-Martens-Latem / Laethem-Saint-Martin
67%
Sint-Niklaas / Saint-Nicolas
67%
Vresse-sur-Semois
67%
Waasmunster / Waesmunster
67%
Wavre / Waver
67%
Wetteren
67%
Wommelgem
67%
Zaventem
67%
Antoing
64%
Oosterzele
64%
Affligem
63%
Brugelette
63%
Buggenhout
63%
DePinte / LaPinte / Nazareth
63%
Halen
63%
Jodoigne / Geldenaken
63%
Merksplas
63%
Néau / Eupen
63%
Rouvroy
63%
Sint-Gillis-Waas
63%
Stoumont
63%
Vaux-sur-Sûre
63%
Zemst
63%
Ingelmunster
62%
Alveringem
60%
Bastogne / Bastenaken / Bastenach
60%
Beernem
60%
Beyne-Heusay
60%
Dendermonde / Termonde
60%
Faimes
60%
Geraardsbergen / Grammont / Gerhardsbergen
60%
Herk-de-Stad / Herck-la-Ville
60%
Jabbeke
60%
Kinrooi
60%
Laakdal
60%
Maarkedal
60%
Malmedy / Malmünd
60%
Ninove
60%
Oudenburg
60%
Overijse / Isque
60%
Sint-Agatha-Berchem / Berchem-Sainte-Agathe
60%
Sombreffe
60%
Thuin
60%
Tournai / Doornik
60%
Vosselaar
60%
Waremme / Borgworm
60%
Watermaal-Bosvoorde / Watermael-Boitsfort
60%
Zutendaal
60%
Gesves
59%
Malle
58%
Anzegem
57%
Arlon / Aarlen / Arel
57%
Avelgem
57%
Beerse
57%
Beersel
57%
Begijnendijk
57%
Beringen
57%
Dilsen-Stokkem
57%
Dison
57%
Herzele
57%
Holsbeek
57%
Ittre / Itter
57%
Kasterlee / Casterlé
57%
Lasne
57%
Linter
57%
Meise
57%
Momignies
57%
Oud-Heverlee / Vieux-Héverlé
57%
Peer
57%
Tenneville
57%
Theux
57%
Waimes / Weismes
57%
Walhain
57%
Destelbergen
56%
Grez-Doiceau / Graven
56%
Keerbergen
56%
Lendelede
56%
Merchtem
56%
Temse / Tamise
56%
Verviers
56%
Zandhoven
56%
Gingelom
55%
Aartselaar
50%
Ans
50%
Aubange / Ibingen
50%
Bonheiden
50%
Boussu
50%
Braine-le-Château / Kasteelbrakel
50%
Brasschaat
50%
Bree
50%
Chastre
50%
Chaumont-Gistoux
50%
Chiny
50%
Court-Saint-Étienne
50%
Deerlijk
50%
Diest
50%
Duffel
50%
Erpe-Mere
50%
Esneux
50%
Farciennes
50%
Ferrières
50%
Floreffe
50%
Froidchapelle
50%
Genappe / Genepiën
50%
Haacht
50%
Haaltert
50%
Heers
50%
Hensies
50%
Herselt
50%
Herstal
50%
Herstappe
50%
Ichtegem
50%
Incourt
50%
Kalmthout
50%
Kortenberg
50%
Kruisem
50%
Kuurne
50%
LaCalamine
50%
LaRoche-en-Ardenne
50%
Lessines / Lessen
50%
Liège / Luik / Lüttich
50%
Limbourg / Limburg
50%
Lint
50%
Merbes-le-Château
50%
Middelkerke
50%
Mont-de-l'Enclus / Kluisberg
50%
Moorslede
50%
Neufchâteau
50%
Oostrozebeke
50%
Ouffet
50%
Oupeye
50%
Philippeville
50%
Plombières / Blieberg / Bleyberg
50%
Putte
50%
Rebecq / Roosbeek
50%
Retie
50%
Roeselare / Roulers
50%
Rumst
50%
Saint-Ghislain / Sint-Gellingen
50%
Saint-Hubert
50%
Sint-Genesius-Rode / Rhode-Saint-Genèse
50%
Sint-Lambrechts-Woluwe / Woluwe-Saint-Lambert
50%
Sint-Pieters-Leeuw / Leeuw-Saint-Pierre
50%
Staden
50%
Stavelot / Stablo
50%
Thimister-Clermont
50%
Verlaine
50%
Vielsalm / Salm
50%
Visé / Wezet
50%
Voeren / Fourons
50%
Vorselaar
50%
Waterloo
50%
Wellen
50%
Wemmel
50%
Westerlo
50%
Wezembeek-Oppem
50%
Wortegem-Petegem
50%
Zoersel
50%
Zonnebeke
50%
Zottegem
50%
Zwevegem
50%
Lebbeke
45%
Nijlen
45%
Stekene
45%
Ternat
45%
Trois-Ponts
45%
Ellezelles / Elzele
44%
Florenville
44%
Havelange
44%
Rixensart
44%
Saint-Léger
44%
Turnhout
44%
Wellin
44%
Awans
43%
Burdinne
43%
Estaimpuis
43%
Fernelmont
43%
Hamois
43%
Houthulst
43%
Houyet
43%
Jemeppe-sur-Sambre
43%
Kontich
43%
Laarne
43%
Maldegem / Middelbourg
43%
Oostkamp
43%
Pelt
43%
Pont-à-Celles
43%
Rijkevorsel
43%
Scherpenheuvel-Zichem / Montaigu-Zichem
43%
Seraing
43%
Spiere-Helkijn / Espierres-Helchin
43%
Walcourt
43%
Zelzate
43%
Zwalm
43%
Rochefort
42%
Braives
40%
Brunehaut
40%
Éghezée
40%
Estinnes
40%
Étalle
40%
Fleurus
40%
Gedinne
40%
Gembloux
40%
Habay / Habich
40%
Hechtel-Eksel
40%
Héron
40%
LaBruyère
40%
Liedekerke
40%
Lierneux
40%
Lobbes
40%
Lubbeek
40%
Manhay
40%
Ohey
40%
Tielt / Meulebeke
40%
Wervik / Wervicq
40%
Wingene / Ruiselede
40%
Aiseau-Presles
38%
Bertem
38%
Chaudfontaine
38%
Courcelles
38%
Doische
38%
Érezée
38%
Fosses-la-Ville
38%
Hamoir
38%
Hannut / Hannuit
38%
Kaprijke
38%
Martelange / Martelingen
38%
Puurs-Sint-Amands / Puers-Saint-Amand
38%
Tellin
38%
Houffalize
36%
Huy / Hoei
36%
Kluisbergen
36%
Sainte-Ode
36%
Amblève / Amel
33%
Anderlues
33%
Anhée
33%
Arendonk
33%
Aubel / Kluis
33%
Baarle-Hertog / Baerle-Duc
33%
Berlaar
33%
Berlare
33%
Bertrix
33%
Bornem
33%
Braine-le-Comte / s-Gravenbrakel
33%
Chapelle-lez-Herlaimont
33%
Colfontaine
33%
Donceel
33%
Enghien / Edingen
33%
Etterbeek
33%
Flémalle
33%
Fléron
33%
Flobecq / Vloesberg
33%
Frameries
33%
Gistel / Ghistelles
33%
Ham-sur-Heure-Nalinnes
33%
Herbeumont
33%
Herve
33%
Honnelles
33%
Hove
33%
LaLouvière
33%
Lens
33%
Libin
33%
Lincent / Lijsem
33%
Lummen
33%
Manage
33%
Modave
33%
Morlanwelz
33%
Mortsel
33%
Mouscron / Moeskroen
33%
Musson
33%
Nassogne
33%
Neupré
33%
Olne
33%
Pittem
33%
Profondeville
33%
Quaregnon
33%
Ranst
33%
Silly / Opzullik
33%
Tintigny
33%
Viroinval
33%
Vleteren
33%
Wanze
33%
Wasseiges
33%
Welkenraedt / Welkenraat / Welkenrath
33%
Zele
33%
Celles
30%
Jalhay
30%
Amay
29%
Boom
29%
Chièvres
29%
Écaussinnes
29%
Hastière
29%
Herent
29%
Lierde
29%
Marche-en-Famenne
29%
Paliseul
29%
Ramillies
29%
Remicourt
29%
Rumes
29%
Seneffe
29%
Sivry-Rance
29%
Soignies / Zinnik
29%
Wevelgem
29%
Wuustwezel
29%
Blegny
25%
Fauvillers / Feiteler
25%
Grâce-Hollogne
25%
Houthalen-Helchteren
25%
LaHulpe / Terhulpen
25%
Marchin
25%
Quiévrain
25%
Saint-Vith / Sankt Vith
25%
Somme-Leuze
25%
Sprimont
25%
Villers-le-Bouillet
25%
Willebroek
25%
Engis
22%
Erquelinnes
22%
Juprelle
22%
Leopoldsburg / Bourg-Léopold
22%
Melle / Merelbeke
22%
Belœil
20%
Bièvre
20%
Bilzen / Hoeselt
20%
Butgenbach / Bütgenbach
20%
Châtelet
20%
Gerpinnes
20%
Gouvy
20%
Grobbendonk
20%
Kapellen
20%
Koekelare
20%
Oreye / Oerle
20%
Rotselaar
20%
Saint-Nicolas
20%
Trooz
20%
Wichelen
20%
Cerfontaine
18%
LesBonsVillers
18%
Beauraing
17%
Crisnée
17%
Geer
17%
Pepingen
17%
Quévy
17%
Yvoir
17%
Berloz
14%
Bever / Biévène
14%
Fexhe-le-Haut-Clocher
14%
Frasnes-lez-Anvaing
14%
Meerhout
14%
Nandrin
14%
Dalhem
13%
Hélécine
13%
Pepinster
13%
Florennes
11%
Messancy / Metzig
11%
Saint-Georges-sur-Meuse
11%
Andenne
0%
Anthisnes
0%
Ardooie
0%
Assesse
0%
Attert
0%
Bernissart
0%
Bertogne
0%
Clavier
0%
Comblain-au-Pont
0%
Hoeilaart / Hoeilaert
0%
Hotton
0%
Lontzen
0%
Mettet
0%
Montigny-le-Tilleul
0%
Mont-Saint-Guibert
0%
Olen
0%
Orp-Jauche / Adorp-Geten
0%
Sint-Lievens-Houtem / Hauthem-Saint-Liévin
0%
Spa
0%
Tinlot
0%
Villers-la-Ville
0%
Wielsbeke
0%
No matching quizzes found
Score Distribution
Percent of People with Each Score
Percentile by Number Answered
Your Score History
You have not taken this quiz since the last reset